000 004390000a22001690004500
003 MACL
005 20160110161125.0
008 160110b xxu||||| |||| 00| 0 eng d
040 _aMACL
_cMACL
041 _aEnglish
082 _a923.2/DAS
100 _aDas, Durga
_931070
245 _aSardar Patel's Correspondence
260 _bNavajivan Publishing House
_c1971
_aAllahabad
650 _aBiography
_931071
942 _cBK
_k923.2/das
_2ddc
999 _c35913
_d35913